<?xml version="1.0" encoding="UTF-8"?>
<record
    xmlns:xsi="http://www.w3.org/2001/XMLSchema-instance"
    xsi:schemaLocation="http://www.loc.gov/MARC21/slim http://www.loc.gov/standards/marcxml/schema/MARC21slim.xsd"
    xmlns="http://www.loc.gov/MARC21/slim">

  <leader>02710nam a2200361 i 4500</leader>
  <controlfield tag="001">10105090</controlfield>
  <controlfield tag="003">CaAEU</controlfield>
  <controlfield tag="005">20250707140111.0</controlfield>
  <controlfield tag="006">m     o  d        </controlfield>
  <controlfield tag="007">cr cn||||m|||a</controlfield>
  <controlfield tag="008">220105s2022    enk     o     001 0 eng d</controlfield>
  <datafield tag="020" ind1=" " ind2=" ">
    <subfield code="a">9781350286061</subfield>
  </datafield>
  <datafield tag="024" ind1="7" ind2=" ">
    <subfield code="a">10.5040/9781350283343</subfield>
    <subfield code="2">doi</subfield>
  </datafield>
  <datafield tag="035" ind1=" " ind2=" ">
    <subfield code="a">on1295018118</subfield>
  </datafield>
  <datafield tag="039" ind1=" " ind2=" ">
    <subfield code="a">exclude</subfield>
  </datafield>
  <datafield tag="040" ind1=" " ind2=" ">
    <subfield code="a">CaBNVSL</subfield>
    <subfield code="b">eng</subfield>
    <subfield code="e">rda</subfield>
    <subfield code="c">CaBNVSL</subfield>
    <subfield code="d">CaBNVSL</subfield>
    <subfield code="d">AEU</subfield>
  </datafield>
  <datafield tag="041" ind1=" " ind2=" ">
    <subfield code="a">English</subfield>
  </datafield>
  <datafield tag="043" ind1=" " ind2=" ">
    <subfield code="a">a-cc---</subfield>
  </datafield>
  <datafield tag="050" ind1=" " ind2="4">
    <subfield code="a">HF5415.1255</subfield>
    <subfield code="b">.S56 2022eb</subfield>
  </datafield>
  <datafield tag="100" ind1=" " ind2=" ">
    <subfield code="a">Sikarskie, Amanda Grace</subfield>
    <subfield code="d">1982-</subfield>
    <subfield code="e">author.</subfield>
    <subfield code="9">13785</subfield>
  </datafield>
  <datafield tag="245" ind1="1" ind2="0">
    <subfield code="a">Male idols and branding in Chinese luxury </subfield>
    <subfield code="b">: fashion, cosmetics, and popular culture </subfield>
    <subfield code="c">/ Amanda Sikarskie.</subfield>
  </datafield>
  <datafield tag="250" ind1=" " ind2=" ">
    <subfield code="a">First edition.</subfield>
  </datafield>
  <datafield tag="264" ind1=" " ind2="1">
    <subfield code="a">London [England] :</subfield>
    <subfield code="b">Bloomsbury Visual Arts,</subfield>
    <subfield code="c">2022.</subfield>
  </datafield>
  <datafield tag="300" ind1=" " ind2=" ">
    <subfield code="a">272 pages</subfield>
  </datafield>
  <datafield tag="500" ind1=" " ind2=" ">
    <subfield code="a">Includes index.</subfield>
  </datafield>
  <datafield tag="505" ind1="0" ind2=" ">
    <subfield code="a">Preface: "Are you that unicorn?" &#x2014;
Introductions: Peacocks: A Primer on Idols and Marketing in China &#x2014;
Exploring the Relationship Between Fashion Brands, Culture Idols and Fans: The Power of Naming as Market Strategy &#x2014;
Aloof White Peony of Luoyang: Subverting Celebrity Styling &#x2014;
Capitalizing Yaoi / Danmei Fans: Fashion Brands and Male Popular Culture Idols as Brand Ambassadors in the Chinese Fashion Market &#x2014;
A Comparative Perspective: Korean K-Pop Idols as Brand Ambassadors &#x2014;
Conclusions: Fashionable Avatars and Virtual Reality Idols: The Aura of the Digital and the Aura of the Original &#x2014;
Glossary &#x2014;
Index.</subfield>
  </datafield>
  <datafield tag="520" ind1=" " ind2=" ">
    <subfield code="a">"Taking a non-westerncentric approach, challenging the Western view of idols as objects of worship, this book examines idols in the more modern, pan-Asian sense of the word; as objects of social devotion, worshipped by the adoring masses and, in China and Korea, as objects of social and moral uplift. The contemporary idol wields great power - the power to influence taste, and to sell - and Male Idols and Branding in Chinese Luxury focuses on their ability to arouse the consumer appetite to buy. In China, popular culture idols play a vital role in the luxury fashion and cosmetics industries as brand ambassadors and this volume fills a critical gap in the English-language literature on this key element of the marketing industry, bringing together authors from the United States and China, and featuring case studies on idols Wang Yibo and Xiao Zhan. Male Idols and Branding in Chinese Luxury is invaluable reading for all those interested in this major element of Chinese marketing."--</subfield>
    <subfield code="c">Provided by publisher.</subfield>
  </datafield>
  <datafield tag="650" ind1=" " ind2="0">
    <subfield code="a">Branding (Marketing)</subfield>
    <subfield code="z">China.</subfield>
  </datafield>
  <datafield tag="650" ind1=" " ind2="0">
    <subfield code="a">Celebrities </subfield>
    <subfield code="z">China.</subfield>
  </datafield>
  <datafield tag="650" ind1=" " ind2="0">
    <subfield code="a">Men</subfield>
    <subfield code="z">China.</subfield>
  </datafield>
  <datafield tag="650" ind1=" " ind2="0">
    <subfield code="a">Fame</subfield>
    <subfield code="x">Psychological aspects.</subfield>
  </datafield>
  <datafield tag="942" ind1=" " ind2=" ">
    <subfield code="2">lcc</subfield>
  </datafield>
  <datafield tag="952" ind1=" " ind2=" ">
    <subfield code="0">0</subfield>
    <subfield code="1">0</subfield>
    <subfield code="2">lcc</subfield>
    <subfield code="4">0</subfield>
    <subfield code="7">0</subfield>
    <subfield code="a">TBS</subfield>
    <subfield code="b">TBS</subfield>
    <subfield code="d">2025-07-07</subfield>
    <subfield code="l">0</subfield>
    <subfield code="o">HF5415.1255 SIK</subfield>
    <subfield code="p">B07639</subfield>
    <subfield code="r">2025-07-07</subfield>
    <subfield code="t">1</subfield>
    <subfield code="w">2025-07-07</subfield>
    <subfield code="y">1</subfield>
  </datafield>
  <datafield tag="999" ind1=" " ind2=" ">
    <subfield code="c">4829</subfield>
    <subfield code="d">4829</subfield>
  </datafield>
</record>
